000 00338 a2200145 4500
001 146596
040 _cEscola São Tomás de Aquino
100 _aDUARTE, Marcelo
240 1 0 _aO ladrão de sorrisos
_lpor
245 1 0 _aO ladrão de sorrisos
300 _a101
362 0 _a2014
697 _a*LITERATURA INFANTO JUVENIL
942 _cBK
999 _c146596
_d146596